000 00607nam a2200229 a 4500
999 _c1191
_d1191
008 191209r20082010ii a|||g |||| 001 0 eng d
020 _a817409122X
040 _aKO
_beng
041 0 _aeng
044 _aii
082 0 4 _223
_a621.8
_bB2109
100 1 _aBallaney, P. L.
245 1 0 _aTheory of Machines & Mechanisms /
_cP. L. Ballaney
260 _aNew Delhi :
_bKhanna Publishers,
_c2008, reprinted 2010
300 _a1348 p. :
_bill. ;
_c24 cm.
504 _aIncludes index.
650 0 _aMechanics
_vTextbooks
650 0 _aMechanical engineering
904 _aS_JOY
942 _cBK